000 00809nam a2200277 4500
003 OSt
005 20260530115304.0
008 260506b1983 |||||||| |||| 00| 0 spa d
040 _aICI
_bspa
_cICI
050 _aNX165
_bP5318
100 1 _aDecio Pignatari
_dautor
_931652
240 1 0 _aSemiotica da arte e da arqutectura
_lEspañol
245 1 0 _aSemiótica del arte y lde la arquitectura
264 1 _aGustavo Gili Barcelona
_b1983
300 _a152 páginas
336 _atexto
_2rdacontent
337 _asin medio
_2rdamedia
338 _avolumen
_2rdacarrier
490 0 0 _aColección punto y línea
650 4 _aArte
_xPsicología
650 4 _aArquitectura
_95213
650 4 _aSemiótica
700 1 _aLosada, Basilio,
_etraductor
_931655
700 1 _aPignatari, Décio,
942 _2lcc
_cBK
_n1
999 _c12992
_d12992